<?xml version="1.0" encoding="UTF-8"?>
<record
    xmlns:xsi="http://www.w3.org/2001/XMLSchema-instance"
    xsi:schemaLocation="http://www.loc.gov/MARC21/slim http://www.loc.gov/standards/marcxml/schema/MARC21slim.xsd"
    xmlns="http://www.loc.gov/MARC21/slim">

  <leader>00856nam a2200217Ia 4500</leader>
  <controlfield tag="003">GCL</controlfield>
  <controlfield tag="005">20240530102525.0</controlfield>
  <controlfield tag="008">140319s9999    xx            000 0 ara d</controlfield>
  <datafield tag="020" ind1=" " ind2=" ">
    <subfield code="a">6785801977</subfield>
  </datafield>
  <datafield tag="040" ind1=" " ind2=" ">
    <subfield code="a">GCL / </subfield>
    <subfield code="c">GCL</subfield>
  </datafield>
  <datafield tag="082" ind1="0" ind2="4">
    <subfield code="a">962.141</subfield>
    <subfield code="b">&#x642;/&#x627; &#x62A;</subfield>
  </datafield>
  <datafield tag="100" ind1="1" ind2=" ">
    <subfield code="a">&#x627;&#x644;&#x633;&#x64A;&#x62F; &#x645;&#x62D;&#x645;&#x62F; &#x627;&#x62D;&#x645;&#x62F; &#x639;&#x637;&#x627;</subfield>
  </datafield>
  <datafield tag="245" ind1="1" ind2="0">
    <subfield code="a">&#x62A;&#x627;&#x631;&#x64A;&#x62E; &#x627;&#x644;&#x63A;&#x631;&#x628;&#x64A;&#x629; &#x648;&#x627;&#x639;&#x645;&#x627;&#x644;&#x647;&#x627; &#x641;&#x649; &#x627;&#x644;&#x639;&#x635;&#x631; &#x627;&#x644;&#x627;&#x633;&#x644;&#x627;&#x645;&#x649; ( 21 - 567 &#x647;&#x640; \ 642 - 1171 &#x645; ) / </subfield>
    <subfield code="c">&#x627;&#x644;&#x633;&#x64A;&#x62F; &#x645;&#x62D;&#x645;&#x62F; &#x627;&#x62D;&#x645;&#x62F; &#x639;&#x637;&#x627;</subfield>
  </datafield>
  <datafield tag="260" ind1=" " ind2=" ">
    <subfield code="a">&#x627;&#x644;&#x642;&#x627;&#x647;&#x631;&#x629; : </subfield>
    <subfield code="b">&#x627;&#x644;&#x647;&#x64A;&#x626;&#x629; &#x627;&#x644;&#x645;&#x635;&#x631;&#x64A;&#x629; &#x627;&#x644;&#x639;&#x627;&#x645;&#x629; &#x644;&#x644;&#x643;&#x62A;&#x627;&#x628; &#x60C; </subfield>
    <subfield code="c">2002</subfield>
  </datafield>
  <datafield tag="300" ind1=" " ind2=" ">
    <subfield code="a">530 &#x635; &#x61B; </subfield>
    <subfield code="c">22 &#x633;&#x645;</subfield>
  </datafield>
  <datafield tag="490" ind1=" " ind2=" ">
    <subfield code="a">&#x62A;&#x627;&#x631;&#x64A;&#x62E; &#x627;&#x644;&#x645;&#x635;&#x631;&#x64A;&#x64A;&#x646;</subfield>
    <subfield code="v">205</subfield>
  </datafield>
  <datafield tag="650" ind1="0" ind2="4">
    <subfield code="a">&#x627;&#x644;&#x63A;&#x631;&#x628;&#x64A;&#x629;&#x60C; &#x645;&#x62D;&#x627;&#x641;&#x638;&#x629;</subfield>
  </datafield>
  <datafield tag="650" ind1="0" ind2="4">
    <subfield code="a">&#x645;&#x635;&#x631; - &#x62A;&#x627;&#x631;&#x64A;&#x62E; - &#x639;&#x635;&#x631; &#x635;&#x62F;&#x631; &#x627;&#x644;&#x627;&#x633;&#x644;&#x627;&#x645;</subfield>
  </datafield>
  <datafield tag="650" ind1="0" ind2="4">
    <subfield code="a">&#x627;&#x644;&#x63A;&#x631;&#x628;&#x64A;&#x629; - &#x62A;&#x627;&#x631;&#x64A;&#x62E; - &#x639;&#x635;&#x631; &#x635;&#x62F;&#x631; &#x627;&#x644;&#x627;&#x633;&#x644;&#x627;&#x645;</subfield>
  </datafield>
  <datafield tag="942" ind1=" " ind2=" ">
    <subfield code="2">ddc</subfield>
    <subfield code="c">BK</subfield>
  </datafield>
  <datafield tag="999" ind1=" " ind2=" ">
    <subfield code="c">32867</subfield>
    <subfield code="d">32867</subfield>
  </datafield>
  <datafield tag="952" ind1=" " ind2=" ">
    <subfield code="0">0</subfield>
    <subfield code="1">0</subfield>
    <subfield code="4">0</subfield>
    <subfield code="7">0</subfield>
    <subfield code="a">CAI</subfield>
    <subfield code="b">CAI</subfield>
    <subfield code="d">2014-03-26</subfield>
    <subfield code="l">0</subfield>
    <subfield code="o">962.141 &#x642;/&#x627; &#x62A;</subfield>
    <subfield code="p">77488</subfield>
    <subfield code="r">2014-03-26 00:00:00</subfield>
    <subfield code="w">2014-03-26</subfield>
    <subfield code="y">BK</subfield>
  </datafield>
  <datafield tag="952" ind1=" " ind2=" ">
    <subfield code="0">0</subfield>
    <subfield code="1">0</subfield>
    <subfield code="4">0</subfield>
    <subfield code="7">0</subfield>
    <subfield code="a">CAI</subfield>
    <subfield code="b">CAI</subfield>
    <subfield code="d">2014-03-26</subfield>
    <subfield code="l">0</subfield>
    <subfield code="o">962.141 &#x642;/&#x627; &#x62A;</subfield>
    <subfield code="p">77489</subfield>
    <subfield code="r">2014-03-26 00:00:00</subfield>
    <subfield code="w">2014-03-26</subfield>
    <subfield code="y">BK</subfield>
  </datafield>
</record>
